Buenos Aires - quiz wielokrotnego wyboru - Statystyki

Ogólne statystyki
  • Ten quiz został rozwiązany 582 razy
  • Średni wynik to 6 z 10
Statystyki odpowiedzi
Zagadnienie Odpowiedź % Poprawnych
Który papież urodził się w Buenos Aires? Franciszek
94%
Jaka stolica państwowa jest zlokalizowana tylko 200 kilometrów od Buenos Aires? Montevideo
84%
Co oznacza Buenos Aires? Dobre wiatry
83%
Który z tych tańców powstał w regionie Buenos Aires? Tango
75%
Koło jakiego zbiornika wodnego zlokalizowane jest Buenos Aires? La Plata
65%
Jaki musical odbywa się w Buenos Aires? Evita
52%
W jakim regionie Ameryki Południowej zlokalizowane jest Buenos Aires? Pampas
46%
Które z tych jest potoczną nazwą Buenos Aires? Paryż Ameryki Południowej
44%
Czego Buenos Aires podobno ma więcej na osobę niż jakiekolwiek inne duże miasto? Księgarni
35%
Znana jako największa aleja na świecie, jaka aleja biegnie przez miasto? Avenida 9 de Julio
31%
Nie znaleziono quizów pasujących do podanych kryteriów
Rozkład punktacji
Procent ludzi z każdym wynikiem
Percentyl według liczby udzielonych odpowiedzi
Twoja historia wyników
Nie rozwiązałeś tego quizu